Países en un mapa de Pangea - Estadísticas

Estadísticas generales
  • Esta prueba ha sido intentada 11 veces
  • La puntuación promedio es 182 de 196
Respuestas en el mapa
Las respuestas están codificadas por una escala verde-roja en el mapa de la prueba según el % correcto abajo.
 
Estadísticas de respuestas
País % Correcto
Afganistán
100%
Albania
100%
Alemania
100%
Arabia Saudita
100%
Argelia
100%
Argentina
100%
Australia
100%
Austria
100%
Bélgica
100%
Bielorrusia
100%
Bosnia y Herzegovina
100%
Brasil
100%
Bután
100%
Camboya
100%
Canadá
100%
Chad
100%
Chile
100%
China
100%
Chipre
100%
Colombia
100%
Corea del Norte
100%
Corea del Sur
100%
Croacia
100%
Cuba
100%
Dinamarca
100%
Ecuador
100%
Egipto
100%
Emiratos Árabes Unidos
100%
Eslovaquia
100%
Eslovenia
100%
España
100%
Estados Unidos
100%
Estonia
100%
Finlandia
100%
Francia
100%
Grecia
100%
Guatemala
100%
Guinea
100%
Guyana
100%
Haití
100%
Hungría
100%
India
100%
Indonesia
100%
Irak
100%
Irán
100%
Irlanda
100%
Islandia
100%
Israel
100%
Italia
100%
Japón
100%
Jordania
100%
Kazajistán
100%
Letonia
100%
Líbano
100%
Libia
100%
Lituania
100%
Madagascar
100%
Marruecos
100%
México
100%
Moldavia
100%
Mongolia
100%
Nicaragua
100%
Níger
100%
Noruega
100%
Nueva Zelanda
100%
Omán
100%
Países Bajos
100%
Paraguay
100%
Perú
100%
Polonia
100%
Portugal
100%
Reino Unido
100%
República Checa
100%
República del Congo
100%
República Democrática del Congo
100%
República Dominicana
100%
Rumania
100%
Rusia
100%
Siria
100%
Sudáfrica
100%
Sudán
100%
Suecia
100%
Suiza
100%
Tailandia
100%
Túnez
100%
Ucrania
100%
Uruguay
100%
Venezuela
100%
Vietnam
100%
Yemen
100%
Angola
88%
Antigua y Barbuda
88%
Armenia
88%
Azerbaiyán
88%
Bahamas
88%
Bangladés
88%
Barbados
88%
Baréin
88%
Belice
88%
Benín
88%
Bolivia
88%
Botsuana
88%
Brunéi
88%
Bulgaria
88%
Burkina Faso
88%
Burundi
88%
Cabo Verde
88%
Camerún
88%
Catar
88%
Ciudad del Vaticano
88%
Comoras
88%
Costa de Marfil
88%
Costa Rica
88%
Dominica
88%
El Salvador
88%
Eritrea
88%
Estados Federados de Micronesia
88%
Esuatini
88%
Etiopía
88%
Filipinas
88%
Fiyi
88%
Gabón
88%
Gambia
88%
Georgia
88%
Ghana
88%
Granada
88%
Guinea-Bissau
88%
Guinea Ecuatorial
88%
Honduras
88%
Islas Marshall
88%
Islas Salomón
88%
Jamaica
88%
Kenia
88%
Kirguistán
88%
Kiribati
88%
Kosovo
88%
Kuwait
88%
Laos
88%
Lesoto
88%
Liberia
88%
Luxemburgo
88%
Macedonia del Norte
88%
Malasia
88%
Malaui
88%
Maldivas
88%
Malí
88%
Malta
88%
Mauritania
88%
Montenegro
88%
Mozambique
88%
Myanmar
88%
Namibia
88%
Nauru
88%
Nepal
88%
Nigeria
88%
Palaos
88%
Panamá
88%
Papúa Nueva Guinea
88%
República Centroafricana
88%
Ruanda
88%
Samoa
88%
San Cristóbal y Nieves
88%
Santa Lucía
88%
San Vicente y las Granadinas
88%
Senegal
88%
Serbia
88%
Seychelles
88%
Sierra Leona
88%
Singapur
88%
Somalia
88%
Sri Lanka
88%
Sudán del Sur
88%
Surinam
88%
Tanzania
88%
Tayikistán
88%
Togo
88%
Tonga
88%
Trinidad y Tobago
88%
Turkmenistán
88%
Turquía
88%
Tuvalu
88%
Uganda
88%
Uzbekistán
88%
Vanuatu
88%
Yibuti
88%
Zambia
88%
Zimbabue
88%
Andorra
75%
Liechtenstein
75%
Mauricio
75%
Pakistán
75%
San Marino
75%
Santo Tomé y Príncipe
75%
Taiwán
75%
Timor Oriental
75%
Mónaco
63%
No se encontraron pruebas coincidentes
Distribución de puntuación
Porcentaje de gente con cada puntuación
Porcentaje por número respondido
Historial de tus puntuaciones
No has intentado esta prueba.